00377nam a22001337a 4500003000400000005001700004008004100021040000800062100004900070245007300119260002600192942001000218999001500228OSt20250910095720.0250910b |||||||| |||| 00| 0 eng d cKMU aTembo, TheophiluseFisheries and Aquaculture aThe market for processed African Catfish in Kitwe/cTheophilus Tembo aChinsali:bKMU,c2014 cPRn0 c2068d2068